Normal view
MARC view
- Pandey, Adesh Kumar
Entry Personal Name
001 - CONTROL NUMBER
- control field: 38414
003 - CONTROL NUMBER IDENTIFIER
- control field: OSt
005 - DATE AND TIME OF LATEST TRANSACTION
- control field: 20160127142857.0
008 - FIXED-LENGTH DATA ELEMENTS
- fixed length control field: 150915|| aca||aabn | a|a d
040 ## - CATALOGING SOURCE
- Original cataloging agency: OSt
100 1# - HEADING--PERSONAL NAME
- Personal name: Pandey, Adesh Kumar
400 1# - SEE FROM TRACING--PERSONAL NAME
- Personal name: Pandey, Adesh K.